| 000 | 00431nam a2200169 a 4500 | ||
|---|---|---|---|
| 001 | 1949 | ||
| 005 | 20140414131949.0 | ||
| 008 | 031016s19uu xx 00 eng d | ||
| 020 | _a983-148-439-8 | ||
| 050 |
_aM 428.10 _bP58 2002 |
||
| 245 | _aMy first picture word book. | ||
| 260 |
_aMalaysia : _bKohwai & Young, _c2002. |
||
| 300 | _a48 p. : ill. ; cm. | ||
| 650 | _aPicture book. | ||
| 650 | _aWord book. | ||
| 999 |
_c112750 _d112750 |
||